[Event "Chennai Murali Mohan Memorial 2nd"]
[Site "Chennai"]
[Date "2023.07.15"]
[Round "2"]
[White "Sai, Abhinav Kuchibhotla"]
[Black "Harsh, Suresh"]
[Result "0-1"]
[WhiteElo "1227"]
[BlackElo "2110"]
[PlyCount "106"]
[EventDate "2023.07.15"]
[EventType "swiss (rapid)"]
[EventRounds "9"]
[EventCountry "IND"]
[SourceTitle "CBM 215 Extra"]
[Source "ChessBase"]
[SourceDate "2023.09.30"]
[SourceVersion "1"]
[SourceVersionDate "2023.09.30"]
[SourceQuality "1"]

1. d4 g6 2. c4 Bg7 3. Nc3 d6 4. e4 e5 5. Nge2 Nc6 6. Be3 Nf6 7. d5 Ne7 8. h3 c5 9. Qd2 a6 10. Bh6 0-0 11. Bxg7 Kxg7 12. g4 h5 13. f3 Rh8 14. g5 Nd7 15. h4 Qa5 16. Ng3 Rb8 17. a4 Qd8 18. Bh3 Nb6 19. Bxc8 Nexc8 20. b3 Nd7 21. 0-0 b6 22. Rf2 f6 23. f4 exf4 24. gxf6+ Qxf6 25. Rxf4 Qe7 26. Raf1 Rf8 27. Qg2 Kh7 28. Rxf8 Nxf8 29. Qf3 Kg7 30. e5 dxe5 31. Nce4 Nh7 32. Qg2 Kh8 33. Nxh5 gxh5 34. Qg6 Qg7 35. Qxg7+ Kxg7 36. Rf5 Rb7 37. Rxe5 Re7 38. Rxe7+ Nxe7 39. a5 bxa5 40. Nxc5 Kf6 41. Nxa6 Ke5 42. Nb8 Kd6 43. Kf2 Nf6 44. Ke3 Kc7 45. Na6+ Kb6 46. Nb8 Kb7 47. d6 Nf5+ 48. Kf4 Nxd6 49. Kg5 Nde4+ 50. Kf5 Kxb8 51. c5 Kc7 52. Ke5 Kc6 53. Kd4 Nxc5 0-1